Preescolar activa / (Registro nro. 14683)

Detalles MARC
000 -LIDER
fixed length control field 01258nam a22002897a 4500
003 - IDENTIFICACDOR DE NÚMERO DE CONTROL
control field DO-SdBNP
005 - DATE AND TIME OF LATEST TRANSACTION
control field 20240621133052.0
008 - ELEMENTOS DE LONGITUD FIJA
fixed length control field 170112b2001 sp a 00| 0 spa d
020 ## - ISBN
International Standard Book Number 8449419786
040 ## - FUENTE DE CATALOGACIÓN
Agencia que crea de manera original el registro BPMSU
Idioma de catalogación spa
Agencia que realiza la transcripción BPMSU
082 #4 - NÚMERO DE CLASIFICACIÓN DECIMAL DE DEWEY
Classification number 372.21
Item number P923a 2001
Edition number 22
245 10 - MENCIÓN DE TITULO
Título Preescolar activa /
Mención de responsabilidad Dirección José Gay
246 14 - VARIACION DEL TÍTULO
Título propiamente dicho o título corto Preescolar activa para jugar y aprender
260 ## - PUBLICACIÓN, DISTRIBUCIÓN, ETC. (PIE DE IMPRENTA)
Lugar de publicación, distribución, etc Barcelona :
Nombre del editor, distribuidor, etc. Editorial Grupo Océano,
Fecha de publicación, distribución, etc 2001
300 ## - DESCRIPCIÓN FÍSICA
Extensión v. :
Otros detalles físicos il. ;
Dimensiones 26 cm.
520 ## - RESUMEN, ETC.
Nota de resumen, etc. La presente obra es una propuesta teórica y práctica exclusivamente dedicada al perfeccionamiento y actualización del docente de nivel inicial. La misma aborda, fundamentalmente, la problemática surgida frente a los últimos cambios didácticos-pedagógicos, con la aparición en el ámbito educativo de una nueva infancia y la dificultad que tienen muchos maestros para hacerle frente
590 ## - NOTA LOCAL
Enlace Inventariado, 2024/VM
650 #4 - ENCABEZAMIENTO DE MATERIA--TEMÁTICO
Término temático o nombre geográfico como elemento de entrada Educación preescolar
Subdivisión de forma
650 #4 - ENCABEZAMIENTO DE MATERIA--TEMÁTICO
Término temático o nombre geográfico como elemento de entrada Jardines infantiles
650 #4 - ENCABEZAMIENTO DE MATERIA--TEMÁTICO
Término temático o nombre geográfico como elemento de entrada Didáctica pedagógica
650 #4 - ENCABEZAMIENTO DE MATERIA--TEMÁTICO
Término temático o nombre geográfico como elemento de entrada Manual de preescolar
650 #4 - ENCABEZAMIENTO DE MATERIA--TEMÁTICO
Término temático o nombre geográfico como elemento de entrada Psicología educativa
700 1# - ASIENTO SECUNDARIO -- NOMBRE PERSONAL
Nombre personal Gay, José
Mención de responsabilidad dirección
710 2# - ASIENTO SECUNDARIO -- NOMBRE CORPORATIVO
Nombre corporativo o de jurisdicción Grupo Océano
910 ## - VALIDACIÓN
Validación VMateo V. Control de calidad. BPMSU
942 ## - ADDED ENTRY ELEMENTS (KOHA)
Source of classification or shelving scheme Dewey Decimal Classification
Koha item type Libros
Existencias
Withdrawn status Lost status Source of classification or shelving scheme Damaged status Not for loan Collection code Home library Current library Date acquired Total Checkouts Full call number Barcode Date last seen Copy number Price effective from Koha item type
    Dewey Decimal Classification     Colección Infantil General Biblioteca Pública Metropolitana Salomé Ureña Biblioteca Pública Metropolitana Salomé Ureña 06/21/2024   BPMSU CGI 372.21 P923a 2001 BPMSU24060074 06/21/2024 v.1 06/21/2024 Libros
    Dewey Decimal Classification     Colección Infantil General Biblioteca Pública Metropolitana Salomé Ureña Biblioteca Pública Metropolitana Salomé Ureña 06/21/2024   BPMSU CGI 372.21 P923a 2001 BPMSU24060075 06/21/2024 v.2 06/21/2024 Libros
    Dewey Decimal Classification     Colección Infantil General Biblioteca Pública Metropolitana Salomé Ureña Biblioteca Pública Metropolitana Salomé Ureña 06/21/2024   BPMSU CGI 372.21 P923a 2001 BPMSU24060076 06/21/2024 v.2, e.2 06/21/2024 Libros
    Dewey Decimal Classification     Colección Infantil General Biblioteca Pública Metropolitana Salomé Ureña Biblioteca Pública Metropolitana Salomé Ureña 06/21/2024   BPMSU CGI 372.21 P923a 2001 BPMSU24060077 06/21/2024 v.2, e.3 06/21/2024 Libros
    Dewey Decimal Classification     Colección Infantil General Biblioteca Pública Metropolitana Salomé Ureña Biblioteca Pública Metropolitana Salomé Ureña 06/21/2024   BPMSU CGI 372.21 P923a 2001 BPMSU24060078 06/21/2024 v.1, e.2 06/21/2024 Libros
    Dewey Decimal Classification     Colección Infantil General Biblioteca Pública Metropolitana Salomé Ureña Biblioteca Pública Metropolitana Salomé Ureña 06/21/2024   BPMSU CGI 372.21 P923a 2001 BPMSU24060079 06/21/2024 v.1, e.3 06/21/2024 Libros
    Dewey Decimal Classification     Colección Infantil General Biblioteca Pública Metropolitana Salomé Ureña Biblioteca Pública Metropolitana Salomé Ureña 06/21/2024   BPMSU CGI 372.21 P923a 2001 BPMSU24060080 06/21/2024 v.3, e.2 06/21/2024 Libros
    Dewey Decimal Classification     Colección Infantil General Biblioteca Pública Metropolitana Salomé Ureña Biblioteca Pública Metropolitana Salomé Ureña 06/21/2024   BPMSU CGI 372.21 P923a 2001 BPMSU24060081 06/21/2024 v.3 06/21/2024 Libros
    Dewey Decimal Classification     Colección Infantil General Biblioteca Pública Metropolitana Salomé Ureña Biblioteca Pública Metropolitana Salomé Ureña 06/21/2024   BPMSU CGI 372.21 P923a 2001 BPMSU24060084 06/24/2024 v.3, e.3 06/21/2024 Libros